Les Maires de Nantes depuis 1900 - Statistiques

Statistiques générales
  • Ce quiz a été pris 15 fois
  • Le résultat moyen est 3 sur 20
Statistiques - réponses
Mandat Maire Parti Politique % Correct
2014- Johanna Rolland Parti Socialiste
100%
1989-2012 Jean-Marc Ayrault Parti Socialiste
86%
1908-1910 Gabriel Guist'hau Alliance Démocratique
29%
1928 Gaston Veil Parti radical
29%
1910-1928 Paul Bellamy Parti républicain-socialiste
29%
1942-1944 Henry Orrion Divers droite
14%
1947-1965 Henry Orrion CNI
14%
1935-1940 Auguste Pageot SFIO
7%
1944-1945 Clovis Constant SFIO
7%
1983-1989 Michel Chauty RPR
7%
2012-2014 Patrick Rimbert Parti Socialiste
7%
1899-1908 Paul-Émile Sarradin Sans Etiquette
7%
1928-1929 Adolphe Moitié Sans Etiquette
0%
1977-1983 Alain Chénard Parti Socialiste
0%
1965-1977 André Morice Centre républicain
0%
1940-1941 Edmond Prieur SFIO
0%
1941-1942 Gaëtan Rondeau Divers droite
0%
1945-1947 Jean Philippot Parti Communiste
0%
1908 Joseph Canal Sans Etiquette
0%
1929-1935 Léopold Cassegrain Parti radical
0%
Aucun quiz correspondant
Distribution des résultats
% des personnes avec chaque résultat
Percentile par nombre de réponses
Votre historique - résultats
Vous n’avez pas pris ce quiz